000 00389nam a2200157Ia 4500
008 151213s9999 xx 000 0 und d
100 _aR . W. Griffin
245 _aInternational Business
_cR . W. Griffin
250 _a1st
260 _aNew York
_bAddison Wesley
_c1995
300 _a2707 p.
650 _aManagement
650 _aManagement
700 _aR . W. Griffin
999 _c1818
_d1818